000 01032 a2200229 4500
005 20260318094953.0
008 260318b |||||||| |||| 00| 0 eng d
020 _a9789349557932 (hbk)
037 _cTB
040 _aCRL
_cCRL
041 _2hin
_ahin
084 _aY:1.2 152R5
_qCRL
100 _aकुमारी, किरण
_9822179
245 _aभारत की विरासत:
_bहिमाचल प्रदेश, जम्मू - कश्मीर एवं उत्तराखंड
260 _aदिल्ली, भारत:
_bबी. आर. पब्लिशिंग कॉर्पोरेशन,
_c2025.
300 _a164पृ.
365 _b2750.00
_cINR
650 _aसमाज शास्त्र
650 _aभारत - विरासत
_91132363
942 _cTB
_2CC
_hY:1.2 152R5
999 _c1435956
_d1435956